000 00722nam a22002657a 4500
003 UA-OsUOA
001 35932
007 ta
008 20051229b un ||||| |||| 00| 0 ukr d
100 _aДанілов О. Д.
700 _aІваниша Г. М.
700 _aЧумаченко О. Г.
090 _a330.322(075.8)
_bД18
942 _cBK
040 _aUA-OsUOA
_bukr
_cUA-OsUOA
_dUA-OsUOA
245 _aІнвестування
_bнавч. посібник
300 _a364 с.
955 _a2
041 _aukr
080 _a330.322(075.8)
020 _a966-7257-34-7
260 _aК.
_bКомп'ютерпрес
_c2001
650 7 _a330 Економіка взагалі
_2UDC
999 _c322238
_d322238